Derecho constitucional: sistema de fuentes

Uloženo v:
Podrobná bibliografie
Hlavní autor: Otto, Ignacio de (autor)
Médium: Kniha
Jazyk:španělština
Vydáno: Barcelona Ariel 1988
Vydání:2a. ed
Edice:Ariel Derecho
Témata:
Tagy: Přidat tag
Žádné tagy, Buďte první, kdo vytvoří štítek k tomuto záznamu!

MARC

LEADER 00000nam a2200000 a 4500
001 UCL9658
003 CL-VaPUC
008 040820e19880000SP |||||||||||||||||spa|d
020 |a 8434415305 
082 0 4 |a 342.46  |b OTT  |2 21 
100 |a Otto, Ignacio de  |e autor  |9 487561 
245 1 0 |a Derecho constitucional: sistema de fuentes 
250 |a 2a. ed 
300 |a 315 p 
942 |c BK 
945 |d 20040820 00:00:00  |a cmena 
260 |a Barcelona  |b Ariel  |c 1988 
650 0 |a Derecho constitucional   |9 222588 
650 0 |a Fuentes del derecho   |9 255162 
650 0 |a Ordenamiento jurídico   |9 355371 
650 0 |a Reforma constitucional  |9 332804 
651 0 |a España  |9 254926 
583 |a last modification  |c 20040820 00:00:00  |k Rodrigo Vera 
490 0 |a Ariel Derecho 
999 |c 310375  |d 310373 
952 |0 0  |1 0  |4 0  |6 342_460000000000000_OTT_1988  |7 0  |8 A  |9 378708  |a BIBDER  |b BIBDER  |d 2019-11-21  |i 4049063  |l 5  |o 342.46 OTT 1988  |p 4049063  |r 2023-01-25  |s 2020-09-28  |w 2019-11-21  |y BK  |k DER